<?xml version="1.0" encoding="UTF-8"?>
<marc:record xmlns:marc="http://www.loc.gov/MARC21/slim">
   <marc:leader>00000nam a2200000 a 4500</marc:leader>
   <marc:datafield ind1="1" ind2=" " tag="100">
      <marc:subfield code="a">Kießling, Horst</marc:subfield>
      <marc:subfield code="4">aut</marc:subfield>
      <marc:subfield code="e">Verfasser/-in</marc:subfield>
   </marc:datafield>
   <marc:datafield ind1="1" ind2=" " tag="100">
      <marc:subfield code="a">Kießling, Bärbel</marc:subfield>
      <marc:subfield code="4">aut</marc:subfield>
      <marc:subfield code="e">Verfasser/-in</marc:subfield>
   </marc:datafield>
   <marc:datafield ind1="1" ind2=" " tag="100">
      <marc:subfield code="a">Osten, Birgit</marc:subfield>
      <marc:subfield code="4">aut</marc:subfield>
      <marc:subfield code="e">Verfasser/-in</marc:subfield>
   </marc:datafield>
   <marc:datafield ind1=" " ind2=" " tag="653">
      <marc:subfield code="a">Demenz</marc:subfield>
   </marc:datafield>
   <marc:datafield ind1=" " ind2=" " tag="653">
      <marc:subfield code="a">Aktivierung</marc:subfield>
   </marc:datafield>
   <marc:datafield ind1=" " ind2=" " tag="653">
      <marc:subfield code="a">Altenarbeit</marc:subfield>
   </marc:datafield>
   <marc:datafield ind1=" " ind2=" " tag="653">
      <marc:subfield code="a">Maltherapie</marc:subfield>
   </marc:datafield>
   <marc:datafield ind1=" " ind2=" " tag="653">
      <marc:subfield code="a">Ergotherapie</marc:subfield>
   </marc:datafield>
   <marc:datafield ind1=" " ind2=" " tag="653">
      <marc:subfield code="a">Wertschätzung</marc:subfield>
   </marc:datafield>
   <marc:datafield ind1=" " ind2=" " tag="653">
      <marc:subfield code="a">Beschäftigung</marc:subfield>
   </marc:datafield>
   <marc:datafield ind1=" " ind2=" " tag="653">
      <marc:subfield code="a">Softcover / Medizin/Allgemeines</marc:subfield>
   </marc:datafield>
   <marc:datafield ind1="0" ind2="0" tag="245">
      <marc:subfield code="a">Malen mit Demenz</marc:subfield>
   </marc:datafield>
   <marc:datafield ind1="0" ind2="0" tag="245">
      <marc:subfield code="b">das Praxishandbuch ; 15 erprobte Beispiele für Angehörige, Pflegekräfte und Pädagogen</marc:subfield>
   </marc:datafield>
   <marc:datafield ind1="0" ind2="0" tag="245">
      <marc:subfield code="c">Horst &amp; Bärbel Kießling ; Birgit Osten</marc:subfield>
   </marc:datafield>
   <marc:datafield ind1=" " ind2="1" tag="264">
      <marc:subfield code="a">Frankfurt, M.</marc:subfield>
      <marc:subfield code="b">Mabuse-Verl.</marc:subfield>
      <marc:subfield code="c">2014</marc:subfield>
   </marc:datafield>
   <marc:datafield ind1="1" ind2=" " tag="520">
      <marc:subfield code="a">Angaben aus der Verlagsmeldung

Malen mit Demenz – das Praxishandbuch : 15 erprobte Beispiele für Angehörige, Pflegekräfte, Pädagogen / von Horst Kiessling, Bärbel Kiessling, Birgit Osten

Malen mit Demenz hilft dabei, verbliebene Fähigkeiten länger zu erhalten und neue Fähigkeiten zu entdecken. Das stärkt das Selbstbewusstsein. Malen in der Gruppe fördert die Wertschätzung füreinander und erleichtert nicht zuletzt den zwanglosen und angstfreien Austausch zwischen Menschen mit und ohne Demenz.
Dieses Buch bündelt die Erfahrungen aus einem zweijährigen Programm mit monatlich stattfindenden Malnachmittagen. Es enthält Anregungen zu fünfzehn Malstunden, die thematisch durch die Jahreszeiten begleiten. Die einzelnen Malstunden werden Schritt für Schritt mit Abbildungen erklärt. Dank der detaillierten Material-Listen gelingt auch die Vorbereitung einfach und schnell.
"Malen mit Demenz" gibt konkrete Impulse, um Menschen mit Demenz wieder mehr zuzutrauen, sich mit ihnen zu einem kleinen Abenteuer aufzumachen und gemeinsam herauszufinden, wohin die Reise führt. Klar strukturiert, ohne viel Theorie – ein Handbuch aus der Praxis für die Praxis.
</marc:subfield>
   </marc:datafield>
   <marc:datafield ind1=" " ind2=" " tag="020">
      <marc:subfield code="a">9783863211806</marc:subfield>
      <marc:subfield code="9">9783863211806</marc:subfield>
   </marc:datafield>
   <marc:datafield ind1=" " ind2=" " tag="041">
      <marc:subfield code="a">ger</marc:subfield>
   </marc:datafield>
   <marc:datafield ind1=" " ind2=" " tag="300">
      <marc:subfield code="a">58 S.</marc:subfield>
   </marc:datafield>
</marc:record>
